Every U.S. Senator Ever - Statistics

General Stats
  • This quiz has been taken 246 times
  • The average score is 446 of 2014
Answer Stats
Senator % Correct
Hamilton Fish Kean
90%
John Kean
90%
Anthony Kennedy
89%
Edward Moore Kennedy
89%
John Fitzgerald Kennedy
89%
John Neely Kennedy
89%
Robert Francis Kennedy
89%
Andrew Johnson
86%
Barack Obama
86%
Charles Fletcher Johnson
86%
Edwin Carl Johnson
86%
Edwin Stockton Johnson
86%
Henry Johnson
86%
Herschel Vespasian Johnson
86%
Hiram Warren Johnson
86%
Lyndon Baines Johnson
86%
Magnus Johnson
86%
Martin Nelson Johnson
86%
Reverdy Johnson
86%
Richard Mentor Johnson
86%
Robert Ward Johnson
86%
Ron Johnson
86%
Timothy Peter Johnson
86%
Waldo Porter Johnson
86%
William Samuel Johnson
86%
Benjamin A. Smith II
83%
Cindy Hyde-Smith
83%
Daniel Smith
83%
Delazon Smith
83%
Ellison DuRant Smith
83%
Frank Leslie Smith
83%
Gordon Harold Smith
83%
Hoke Smith
83%
Howard Alexander Smith
83%
Israel Smith
83%
James Smith Jr.
83%
John Smith
83%
John Walter Smith
83%
Marcus Aurelius Smith
83%
Margaret Chase Smith
83%
Nathan Smith
83%
Oliver Hampton Smith
83%
Perry Smith
83%
Ralph Tyler Smith
83%
Robert Barnwell Smith
83%
Robert C. Smith
83%
Samuel Smith
83%
Tina Smith
83%
Truman Smith
83%
William Alden Smith
83%
William Smith
83%
Willis Smith
83%
De Witt Clinton
81%
Hillary Rodham Clinton
81%
Blanche Lambert Lincoln
80%
Fred Roy Harris
80%
Ira Harris
80%
Isham Green Harris
80%
John Spafford Harris
80%
Joseph Robinette Biden Jr.
80%
Kamala Devi Harris
80%
William Alexander Harris
80%
William Julius Harris
80%
Prescott Sheldon Bush
79%
Alva Blanchard Adams
75%
Brockman Adams
75%
John Quincy Adams
75%
Robert Huntington Adams
75%
Stephen Adams
75%
Andrew Jackson
73%
George Stuart Nixon
73%
Henry Martin Jackson
73%
Howell Edmunds Jackson
73%
James Jackson
73%
Richard Milhous Nixon
73%
Samuel Dillon Jackson
73%
Sherrod Brown
73%
William Purnell Jackson
73%
Albert Gallatin Brown
72%
Arthur Brown
72%
Bedford Brown
72%
Benjamin Gratz Brown
72%
Ernest S. Brown
72%
Ethan Allen Brown
72%
Fred Herbert Brown
72%
George Hanks Brown
72%
James Brown
72%
John Brown
72%
Joseph Emerson Brown
72%
Norris Brown
72%
Prentiss Marsh Brown
72%
Scott P. Brown
72%
Bernard Sanders
70%
Newell Sanders
70%
Wilbur Fiske Sanders
70%
Albert Smith White
69%
Benjamin Harrison
69%
Byron Patton Harrison
69%
Edward Douglass White
69%
Francis Shelley White
69%
Hugh Lawson White
69%
Samuel White
69%
Stephen Mallory White
69%
Wallace Humphrey White Jr.
69%
William Henry Harrison
69%
Henry Thomas Carter
67%
Hugo Lafayette Black
67%
John Black
67%
Rafael Edward Cruz
67%
Elizabeth Warren
65%
Francis Emroy Warren
65%
Blair Lee
64%
Ephraim King Wilson
64%
George Allison Wilson
64%
Henry Wilson
64%
James Falconer Wilson
64%
James Jefferson Wilson
64%
James Monroe
64%
John Lockwood Wilson
64%
Joshua Bryan Lee
64%
Mike Lee
64%
Nathaniel Macon
64%
Pete Wilson
64%
Richard Henry Lee
64%
Robert Wilson
64%
Wendell Hampton Ford
64%
Addison Mitchell McConnell
63%
Angus Stanley King Jr.
63%
John Pendleton King
63%
Preston King
63%
Rufus King
63%
William Henry King
63%
William John McConnell
63%
William Rufus de Vane King
63%
John Sidney McCain III
62%
Hugh Doggett Scott Jr.
60%
John Scott
60%
Nathan Bay Scott
60%
Rand Paul
60%
Richard Lynn Scott
60%
Tim Scott
60%
William Kerr Scott
60%
William Lloyd Scott
60%
Gary C. Peters
59%
Humphrey Marshall
59%
Roger Wayne Marshall
59%
Susan Margaret Collins
59%
Trusten Polk
59%
John Leeds Kerr
58%
Joseph Kerr
58%
Martin D. Hardin
58%
Robert Samuel Kerr
58%
Albert Arnold Gore
57%
Albert Arnold Gore Jr.
57%
Christopher Gore
57%
Daniel Robert Graham
57%
Frank Porter Graham
57%
James David Vance
57%
James Risch
57%
John Tyler
57%
Kingsley Arter Taft
57%
Lindsey O. Graham
57%
Marco Rubio
57%
Michael Farrand Bennet
57%
Robert Alphonso Taft
57%
Robert Foster Bennet
57%
Robert Taft Jr.
57%
Thomas Pryor Gore
57%
Wallace Foster Bennet
57%
William Alexander Graham
57%
Zebulon Baird Vance
57%
Alexander Stephens Clay
56%
Charles Ellis Schumer
56%
Clement Claiborne Clay Jr.
56%
Clement Comer Clay
56%
Cory Anthony Booker
56%
Glen Hearst Taylor
56%
Harry Reid
56%
Harry S. Truman
56%
Henry Clay
56%
John Henninger Reagan
56%
John Taylor
56%
Lafayette Young
56%
Milton Ruben Young
56%
Richard Montgomery Young
56%
Robert Love Taylor
56%
Stephen Marvin Young
56%
Theodore Fulton Stevens
56%
Todd Young
56%
Waller Taylor
56%
Willard Mitt Romney
56%
Andy Kim
54%
Christopher Murphy
54%
Edward Murphy Jr.
54%
George Lloyd Murphy
54%
Mark Edward Kelly
54%
Maurice J. Murphy Jr.
54%
Richard Louis Murphy
54%
Andrieus Aristieus Jones
53%
Charles Ernest Grassley
53%
Charles William Jones
53%
Connie Mack III
53%
Debra Fischer
53%
Franklin Pierce
53%
George Jones
53%
Gilbert Ashville Pierce
53%
Gordon Douglas Jones
53%
James Chamberlain Jones
53%
James Kerr Kelly
53%
James Kimbrough Jones
53%
James Preston Kelly
53%
John F. Reed
53%
John Percival Jones
53%
John William Warner
53%
Mark R. Warner
53%
Richard Joseph Durbin
53%
Wesley Livsey Jones
53%
Willard Warner
53%
William Kelly
53%
William Warner
53%
Aaron Burr
52%
Martin Van Buren
52%
Richard M. Burr
52%
Alejandro Padilla
51%
Amy Klobuchar
51%
Benjamin Franklin Harding
51%
John Forbes Kerry
51%
John Karl Fetterman
51%
Katie Boyd Britt
51%
Raphael Gamaliel Warnock
51%
Thomas Jonathan Ossoff
51%
Warren Gamaliel Harding
51%
Clyde Martin Reed
49%
Daniel Scott Sullivan
49%
David Aiken Reed
49%
Frank Hughes Murkowski
49%
George Allen
49%
Henry Justin Allen
49%
James Alexander Reed
49%
James Browning Allen
49%
James Stephen Green
49%
John Beard Allen
49%
Lisa Murkowski
49%
Maryon Pittman Allen
49%
Patrick Joseph Sullivan
49%
Paul Howard Douglas
49%
Philip Allen
49%
Philip Reed
49%
Sheldon Whitehouse
49%
Stephen Arnold Douglas
49%
Theodore Francis Green
49%
Thomas Buck Reed
49%
Timothy Michael Kaine
49%
William Allen
49%
William Van Amberg Sullivan
49%
William Vincent Allen
49%
Dianne Feinstein
48%
Edward Irving Edwards
48%
Elaine Schwartzenburg Edwards
48%
Henry Waggaman Edwards
48%
John Edwards
48%
John Thune
48%
Kirsten Gillibrand
48%
Ninian Edwards
48%
Abraham Baldwin
47%
Abram Pease Williams
47%
Bourke Blakemore Hickenlooper
47%
Carl Thomas Curtis
47%
Charles Curtis
47%
Elizabeth Hanford Dole
47%
Garret Dorset Wall
47%
George Henry Williams
47%
George Howard Williams
47%
Harrison Arlington Williams Jr.
47%
Henry Porter Baldwin
47%
James Buchanan
47%
James Edward Murray
47%
James Walter Wall
47%
Jared Warner Williams
47%
John Cornyn
47%
John James Williams
47%
John R. Curtis
47%
John Sharp Williams
47%
John Stuart Williams
47%
John Williams
47%
John Wright Hickenlooper
47%
Joseph Roswell Hawley
47%
Joshua David Hawley
47%
Lewis Cass
47%
Patty Murray
47%
Raymond Earl Baldwin
47%
Reuel Williams
47%
Robert Joseph Dole
47%
Roger Sherman Baldwin
47%
Ruben Gallego
47%
Tammy Baldwin
47%
Tammy Duckworth
47%
Thomas Hickman Williams
47%
Thomas Hill Williams
47%
Charles Spalding Thomas
46%
Christopher A. Coons
46%
Craig Lyle Thomas
46%
Elbert Duncan Thomas
46%
Jesse Burgess Thomas
46%
John Thomas
46%
John William Elmer Thomas
46%
Marcus Allen Coolidge
46%
Mazie Hirono
46%
Richard Blumenthal
46%
Alexander Martin
44%
Arthur Emanuel Nelson
44%
Clarence William Nelson
44%
Cushman Kellogg Davis
44%
David Davis
44%
Earl Benjamin Nelson
44%
Edward Martin
44%
Garrett Davis
44%
Gaylord Anton Nelson
44%
George Brown Martin
44%
Henry Gassaway Davis
44%
James John Davis
44%
James Strom Thurmond
44%
Jeff Davis
44%
Jefferson Davis
44%
John Davis
44%
John Martin
44%
Joseph Clay Stiles Blackburn
44%
Knute Nelson
44%
Marsha Blackburn
44%
Norris H. Cotton
44%
Thomas Bryant Cotton
44%
Thomas Ellsworth Martin
44%
Thomas Hawley Tuberville
44%
Thomas Staples Martin
44%
Walter Frederick Mondale
44%
Wyman Bradbury Seavy Moor
44%
Adam Schiff
43%
Adlai Ewing Stevenson III
43%
Elissa Slotkin
43%
Jacklyn Sheryl Rosen
43%
Jesse Franklin
43%
John Davison Rockefeller
43%
John McKinley
43%
John White Stevenson
43%
Michael Dean Crapo
43%
William Brown McKinley
43%
Adonijah Strong Welch
42%
Andrew Moore
42%
Arthur Harry Moore
42%
Bill Cassidy
42%
Chester Isaiah Long
42%
Christopher Van Hollen
42%
Clifford Phillip Case
42%
Edward Hall Moore
42%
Edward Vaughn Long
42%
Francis Higbee Case
42%
Gabriel Moore
42%
Huey Pierce Long
42%
James Conley Justice II
42%
James E. Banks
42%
Jeanne Shaheen
42%
John Boozman
42%
John Caldwell Calhoun
42%
Joni Ernst
42%
Lamar Alexander
42%
Oren Ethelbirt Long
42%
Peter Welch
42%
Richard Pretlow Ernst
42%
Rose McConnell Long
42%
Russell Billiu Long
42%
Thomas Moore
42%
Thomas Roland Tillis
42%
Barry Morris Goldwater
41%
Bert Henry Miller
41%
Brian Emanuel Schatz
41%
David Harold McCormick
41%
Edward John Markey
41%
Fountain Land Thompson
41%
Fred Dalton Thompson
41%
Harry Flood Byrd
41%
Harry Flood Byrd Jr.
41%
Homer Virgil Milton Miller
41%
Jack Richard Miller
41%
Jacob Welsh Miller
41%
John Burton Thompson
41%
John Elvis Miller
41%
John Franklin Miller
41%
Jon Tester
41%
Joseph Medill McCormick
41%
Margaret Wood Hassan
41%
Maria E. Cantwell
41%
Ollie Murray James
41%
Robert Carlyle Byrd
41%
Stephen Decatur Miller
41%
Thomas Weston Thompson
41%
Warner Miller
41%
William Henry Thompson
41%
William Howard Thompson
41%
Zell Bryan Miller
41%
Angela Deneece Alsobrooks
40%
Ben Ray Luján
40%
Jerry Moran
40%
John Henry
40%
John Sherman
40%
Jon Allen Husted
40%
Lawrence Yates Sherman
40%
Luke Lea
40%
Lyman Rufus Casey
40%
Matthew Stanley Quay
40%
Morgan Calvin Hamilton
40%
Robert P. Casey Jr.
40%
Roger F. Wicker
40%
Roger Sherman
40%
Ronald Lee Wyden
40%
Shelley Moore Capito
40%
Steve Daines
40%
William Thomas Hamilton
40%
Arthur Edson Blair Moody
38%
Ashley Brooke Moody
38%
Catherine Marie Cortez Masto
38%
David Settle Reid
38%
Edwin Denison Morgan
38%
Gary Warren Hart
38%
Gideon Curtis Moody
38%
Gordon John Humphrey
38%
Hubert Horatio Humphrey Jr.
38%
James Danforth Quayle
38%
James Glenn Beall
38%
Jeff Merkley
38%
John Glenn Beall Jr.
38%
John Sharpenstein Hager
38%
John Tyler Morgan
38%
Joseph I. Lieberman
38%
Kyrsten Sinema
38%
Lisa Blunt Rochester
38%
Martin Heinrich
38%
Muriel Buck Humphrey
38%
Philip Aloysius Hart
38%
Richard C. Shelby
38%
Robert Burren Morgan
38%
Thomas Charles Hart
38%
William Andrew Wallace
38%
Barbara Boxer
37%
Charles Henry Bell
37%
Charles Patrick Roberts
37%
Cornelius Cole
37%
Daniel Ken Inouye
37%
Daniel Webster
37%
Eric Stephen Schmitt
37%
Eugene Joseph McCarthy
37%
Hamilton Fish
37%
Harrison Hagan Schmitt
37%
James Bell
37%
John A. Barrasso
37%
John Bell
37%
John Peter Ricketts
37%
Jonathan Roberts
37%
Joseph Raymond McCarthy
37%
Kevin Cramer
37%
Marion Michael Rounds
37%
Nathan Philemon Bryan
37%
Richard Hudson Bryan
37%
Samuel Bell
37%
William James Bryan
37%
Alexander Outlaw Anderson
36%
Carl Atwood Hatch
36%
Clinton Presba Anderson
36%
Edward Laurence Leahy
36%
James Lankford
36%
Joseph Inslee Anderson
36%
Markwayne Mullin
36%
Orrin Grant Hatch
36%
Patrick Joseph Leahy
36%
Robert Menendez
36%
Timothy Patrick Sheehy
36%
Wendell Richard Anderson
36%
William Francis Hagerty
36%
Andrew Pickens Butler
35%
Bernardo Moreno
35%
Carol Moseley Braun
35%
Charles Burton Mitchel
35%
Charles Oscar Andrews
35%
Clarence Don Clark
35%
Cynthia M. Lummis
35%
Daniel Clark
35%
David Worth Clark
35%
Guy Victor Howard
35%
Hugh Alfred Butler
35%
Jacob Merritt Howard
35%
Joel Bennett Clark
35%
John Eager Howard
35%
John Hoeven
35%
John Marshall Butler
35%
Jon Llewellyn Kyl
35%
Joseph Sill Clark
35%
Laphonza Romanique Butler
35%
Larry Edwin Craig
35%
Lester Callaway Hunt
35%
Marion Butler
35%
Mark Andrews
35%
Matthew Calbraith Butler
35%
Michael Braun
35%
Pierce Butler
35%
Richard Clarence Clark
35%
William Andrews Clark
35%
William Morgan Butler
35%
Alan Kooi Simpson
33%
Benjamin Louis Cardin
33%
David Jewett Baker
33%
Edward Dickinson Baker
33%
Freeman Walker
33%
George Walker
33%
Howard Henry Baker Jr.
33%
Isaac Pigeon Walker
33%
James David Walker
33%
John Porter East
33%
John Walker
33%
John Williams Walker
33%
Lloyd Millard Bentsen Jr.
33%
Lucien Baker
33%
Mark Steven Kirk
33%
Milward Lee Simpson
33%
Olympia Jean Snowe
33%
Paul G. Kirk Jr.
33%
Robert John Walker
33%
Spencer Abraham
33%
Thomas Richard Carper
33%
Walter Walker
33%
Al Franken
32%
Benjamin Harvey Hill
32%
Birch Evans Bayh
32%
David Alfred Perdue Jr.
32%
David Bennett Hill
32%
David Hampton Pryor
32%
Evan Bayh
32%
Frank Forrester Church
32%
George Stanley McGovern
32%
Gouverneur Morris
32%
Harry Alden Richardson
32%
Isaac Hill
32%
James Edgar Martine
32%
John Herschel Glenn Jr.
32%
John Sullivan Wells
32%
Joseph Lister Hill
32%
Joshua Hill
32%
Luke Pryor
32%
Mark Pryor
32%
Melquiades R. Martinez
32%
Nathaniel Peter Hill
32%
Otis Ferguson Glenn
32%
Robert Morris
32%
Theodore Paul Budd
32%
William Alexander Richardson
32%
William Hill Wells
32%
William Luther Hill
32%
Alfonse Marcello D'amato
31%
Asher Robbins
31%
Ben Nighthorse Campbell
31%
Carl Levin
31%
Charles Wayland Brooks
31%
Claire McCaskill
31%
Daniel Jackson Evans
31%
George Evans
31%
Harry Stewart New
31%
Hubert Durrett Stephens
31%
Josiah James Evans
31%
Thomas Richard Harkin
31%
Timothy Hutchinson
31%
Alexander Campbell
30%
Augustus Owsley Stanley
30%
Charles James Hughes Jr.
30%
Chester Trent Lott
30%
Christopher John Dodd
30%
Daniel Kahikina Akaka
30%
David Stone
30%
Dixon Hall Lewis
30%
George Washington Campbell
30%
Harold Everett Hughes
30%
Horatio Seymour
30%
James Hamilton Lewis
30%
James Hurd Hughes
30%
Jesse Helms
30%
John Francis Lewis
30%
John Seymour
30%
Joseph Simon
30%
Mary L. Landrieu
30%
Nahum Parker
30%
Norm Coleman
30%
Paul Martin Simon
30%
Person Colby Cheney
30%
Richard Bernard Stone
30%
Richard Elliott Parker
30%
Richard Green Lugar
30%
Thomas Joseph Dodd
30%
William Hughes
30%
William Joel Stone
30%
Barbara Ann Mikulski
28%
Charles Ezra Daniel
28%
David Hartley Armstrong
28%
Deborah Ann Stabenow
28%
Donald Stuart Russell
28%
Dudley Chase
28%
George Gray
28%
Henry Cabot Lodge
28%
Henry Cabot Lodge Jr.
28%
James Mountain Inhofe
28%
Jerome Bunty Chaffee
28%
John Armstrong Jr.
28%
John Warwick Daniel
28%
Marion Price Daniel
28%
Mark Begich
28%
Mark Udall
28%
Marlow Webster Cook
28%
Martha McSally
28%
Richard Brevard Russell Jr.
28%
Salmon Portland Chase
28%
Thomas Daschle
28%
Thomas Udall
28%
William Lester Armstrong
28%
Absalom Willis Robertson
27%
Albert Collins Greene
27%
Arthur Raymond Robinson
27%
Benjamin Eric Sasse
27%
Cory Gardner
27%
Edward Vivian Robertson
27%
Frank Lester Greene
27%
Henry Cooper
27%
James Cooper
27%
James Graham Fair
27%
James Zachariah George
27%
Jefferson Beauregard III Sessions
27%
John Charles Frémont
27%
John McCracken Robinson
27%
John Sanford Cohen
27%
John Sherman Cooper
27%
Jonathan Robinson
27%
Joseph Taylor Robinson
27%
Kay Hagan
27%
Kelly Ayotte
27%
Moses Robinson
27%
Obadiah Gardner
27%
Peter G. Fitzgerald
27%
Ray Greene
27%
Robert J. Kerrey
27%
Robert Jones Portman
27%
Robert Marion La Follette
27%
Robert Marion La Follette Jr.
27%
Russell Dana Feingold
27%
Stephen Row Bradley
27%
Thomas Fitzgerald
27%
Thomas James Robertson
27%
Walter Franklin George
27%
William O'Connell Bradley
27%
William Sebastian Cohen
27%
William Thad Cochran
27%
William Warren Bradley
27%
Andrew Jackson Houston
26%
Angus Cameron
26%
Arlen Specter
26%
Daniel Patrick Moynihan
26%
Forrest C. Donnell
26%
Frank Raleigh Lautenberg
26%
George Smith Houston
26%
George William Norris
26%
Jackson Morton
26%
James Donald Cameron
26%
James Gordon
26%
John Bennett Johnston Jr.
26%
John E. Sununu
26%
John Warfield Johnston
26%
Joseph Forney Johnston
26%
Joseph Kent
26%
Josiah Stoddard Johnston
26%
Kelly Loeffler
26%
Max Sieben Baucus
26%
Michael Dewine
26%
Moses Norris Jr.
26%
Olin DeWitt Talmadge Johnston
26%
Oliver Hazard Perry Throck Morton
26%
Ralph Henry Cameron
26%
Richard John Santorum
26%
Rienzi Melville Johnston
26%
Samuel Houston
26%
Samuel Johnston
26%
Simon Cameron
26%
Thruston Ballad Morton
26%
Alan John Dixon
25%
Alben William Barkley
25%
Archibald Dixon
25%
Arthur Thomas Stewart
25%
Burton Kendall Wheeler
25%
Clayton Douglass Buck
25%
David Stewart
25%
David Wallace Stewart
25%
Dean Barkley
25%
Donald Wilbur Stewart
25%
Edward E. Kaufman
25%
Edwin Jacob Garn
25%
George John Mitchell
25%
George Mifflin Dallas
25%
Hugh Burnton Mitchell
25%
James Dixon
25%
James H. Webb
25%
Joe Donnelly
25%
John Adams Dix
25%
John Hipple Mitchell
25%
John Inscho Mitchell
25%
John Lendrum Mitchell
25%
Johnny Isakson
25%
John Wolcott Stewart
25%
Joseph Moore Dixon
25%
Kathryn Ann Bailey Hutchison
25%
Nathan Fellows Dixon
25%
Roy Blunt
25%
Stephen Mix Mitchell
25%
William Morris Stewart
25%
William Robert Webb
25%
Alan Cranston
23%
Alexander Porter
23%
Augustus Seymour Porter
23%
Benjamin Hawkins
23%
Charles William Frederick Dick
23%
Coe Isaac Crawford
23%
Conrad Burns
23%
Daniel Ray Coats
23%
Edmund Gibson Ross
23%
George Read
23%
Herbert H. Kohl
23%
Jacob Read
23%
James Ross
23%
Jeff Flake
23%
John Cabell Breckinridge
23%
John Hubbard Chafee
23%
Jonathan Ross
23%
Lincoln Davenport Chafee
23%
Michael B. Enzi
23%
Paula Hawkins
23%
Pete Vichi Domenici
23%
William Harris Crawford
23%
William Philip Gramm
23%
Alfred Washburn Benson
22%
Andrew Gregg
22%
Ben Mitchell Williamson
22%
Charles Magill Conrad
22%
Claiborne de Borda Pell
22%
David Holmes
22%
Elmer Austin Benson
22%
Harold Hitz Burton
22%
Henry Laurens Dawes
22%
James Merrill Jeffords
22%
Jean Carnahan
22%
John Holmes
22%
Jon Stevens Corzine
22%
Joseph Ralph Burton
22%
Joseph Rodman West
22%
Judd Alan Gregg
22%
Kent Conrad
22%
Luther Johnson Strange III
22%
Paul David Wellstone
22%
Robert Strange
22%
Roland Burris
22%
Theodore Elijah Burton
22%
Thomas Hart Benton
22%
William Benton
22%
William H. Frist
22%
William Stanley West
22%
William Victor Roth Jr.
22%
Alan Wayne Allard
21%
Cameron A. Morrison
21%
Charles Carroll
21%
Charles Warren Fairbanks
21%
Dean Heller
21%
Edmund Sixtus Muskie
21%
Frank Carlson
21%
Hannibal Hamlin
21%
James Edmund Bailey
21%
James W. Demint
21%
John Albert Carroll
21%
John Brown Francis
21%
John Henry Gear
21%
John Hunter
21%
Joseph Weldon Bailey
21%
Josiah William Bailey
21%
Judah Philip Benjamin
21%
Lowell Palmer Weicker Jr.
21%
Mary Kathryn Heitkamp
21%
Patrick Joseph Toomey
21%
Paul Efthemios Tsongas
21%
Richard Charles Hunter
21%
Robert Corker
21%
Robert Ferdinand Wagner
21%
Robert Mercer Taliaferro Hunter
21%
Robert William Packwood
21%
Sam Dale Brownback
21%
Theodorus Bailey
21%
William Hunter
21%
Alexander McDonald
20%
Arthur Walsh
20%
Benjamin Everett Jordan
20%
Byron Leslie Dorgan
20%
Carey Estes Kefauver
20%
Charles Sumner
20%
Dale Bumpers
20%
David Ignatius Walsh
20%
David Trotter Patterson
20%
David Vitter
20%
Dennis Webster Deconcini
20%
Ernest Frederick Hollings
20%
Homer Samuel Ferguson
20%
James Gillespie Blaine
20%
James Henry Brady
20%
James Lane Buckley
20%
James Matthes Talent
20%
James Oliver Eastland
20%
James Willis Patterson
20%
John David Ashcroft
20%
John E. Walsh
20%
John Goodwin Tower
20%
John Jackson Sparkman
20%
John James Blaine
20%
John James Patterson
20%
Joseph Carter Abbott
20%
Joseph Ewing McDonald
20%
Leland Stanford
20%
Leonard Beck Jordan
20%
Michael Joseph Mansfield
20%
Nicholas Frederick Brady
20%
Patrick Walsh
20%
Paul Dominique Laxalt
20%
Robert Theodore Stafford
20%
Roscoe Conkling Patterson
20%
Samuel Augustus Nunn
20%
Samuel Ichiye Hayakawa
20%
Thomas Francis Eagleton
20%
Thomas James Walsh
20%
Thomas MacDonald Patterson
20%
Walter Darlington Huddleston
20%
Warren Robinson Austin
20%
William Paterson
20%
Wilton Earle Hall
20%
Addison Gardner Foster
19%
Benjamin Franklin Rice
19%
Charles Belknap Henderson
19%
Charles Pinckney
19%
Dwight Foster
19%
Ephraim Hubbard Foster
19%
Eugene Hale
19%
Everett Mckinley Dirksen
19%
Frederick Hale
19%
George Logan
19%
Henry Allen Foster
19%
Henry Drury Hatfield
19%
Henry Mower Rice
19%
Hiram Leong Fong
19%
Howard Morton Metzenbaum
19%
Jabez William Huntington
19%
Jacob Koppel Javits
19%
James Pinckney Henderson
19%
James William Fulbright
19%
Jennings Randolph
19%
John Alexander Logan
19%
John Berlinger Breaux
19%
John Brooks Henderson
19%
John Henderson
19%
John Middleton Clayton
19%
John Parker Hale
19%
John Randolph
19%
John Selby Spence
19%
Joshua Clayton
19%
Kenneth Lee Salazar
19%
Lafayette Sabine Foster
19%
Lucius Quintus Cincinnatus Lamar
19%
Mark Odom Hatfield
19%
Marvel Willis Logan
19%
Maurice Robert Gravel
19%
Murphy James Foster
19%
Nancy Landon Kassebaum
19%
Nathaniel Pitcher Tallmadge
19%
Nathan Sanford
19%
Paul Gerhart Hatfield
19%
Philander Chase Knox
19%
Powell Clayton
19%
Powhatan Ellis
19%
Sheila Frahm
19%
Terry James Sanford
19%
Theodore Fitz Randolph
19%
Theodore Foster
19%
Thomas Clayton
19%
Thomas Slade Gorton III
19%
Timothy Otis Howe
19%
Wade Hampton
19%
William Campbell Preston
19%
William Logan
19%
Albert Benjamin Chandler
17%
Armistead Thomson Mason
17%
Christopher Samuel Bond
17%
Daniel Sheldon Norton
17%
Donald Lee Nickles
17%
Edward Lloyd
17%
Edward William Brooke III
17%
Francis Preston Blair Jr.
17%
George Cabot
17%
George David Aiken
17%
George Grover Wright
17%
George Turner
17%
Henry William Blair
17%
Howell Thomas Heflin
17%
James Blackwood Pearson
17%
James Bruen Howell
17%
James Lloyd
17%
James Murray Mason
17%
James Paul David Bunning
17%
James Thomas Heflin
17%
James Turner
17%
Jeremiah Brown Howell
17%
Jeremiah Mason
17%
John Chandler
17%
John Cornelius Stennis
17%
Jonathan Dayton
17%
Jonathan Mason
17%
Joseph Albert Wright
17%
Joseph Hurst Ball
17%
Joseph Maxwell Cleland
17%
Joseph Smith Fowler
17%
Lazarus Whitehead Powell
17%
Lewis Heisler Ball
17%
Mark Dayton
17%
Matthias Ward
17%
Robert Beecher Howell
17%
Robert Goodloe Harper
17%
Robert Latham Owen
17%
Robert Wright
17%
Saxby Chambliss
17%
Scott Wike Lucas
17%
Silas Wright Jr.
17%
Stevens Thomson Mason
17%
Thomas Andrews Hendricks
17%
Walker Brooke
17%
Warren Grant Magnuson
17%
William Crosby Dawson
17%
William Eaton Chandler
17%
William Emerson Brock
17%
William Emerson Brock III
17%
William Ernest Mason
17%
William Harper
17%
William Hendricks
17%
William Lewis Dayton
17%
William Wright
17%
Wyche Fowler Jr.
17%
Zachariah Chandler
17%
Abraham Alexander Ribicoff
16%
Carl Trumbull Hayden
16%
Charles William Fulton
16%
Clarence Cleveland Dill
16%
Clarence Wayland Watson
16%
David Lyle Boren
16%
Duncan Upshaw Fletcher
16%
Edgar Cowan
16%
Frank Bartlett Willis
16%
Frank Jenne Cannon
16%
Frederick Frelinghuysen
16%
Frederick Theodore Frelinghuysen
16%
George Tener Oliver
16%
George Victor Voinovich
16%
Howard Walter Cannon
16%
James Eli Watson
16%
James Ralph Sasser
16%
James Watson
16%
John Gerald Milton
16%
John Little McClellan
16%
Joseph Sherman Frelinghuysen
16%
Paul Coverdell
16%
Raymond Eugene Willis
16%
Stanley Matthews
16%
Theodore Frelinghuysen
16%
Thomas Edward Watson
16%
William Bradford
16%
William Cowan
16%
William Edgar Borah
16%
William Hall Milton
16%
William Proxmire
16%
William Savin Fulton
16%
Winthrop Murray Crane
16%
Alexander Contee Hanson
15%
Bishop Walden Perkins
15%
Charles Edward Potter
15%
Charles McCurdy Mathias Jr.
15%
Charles Spittal Robb
15%
Daniel Stevens Dickinson
15%
David Ferdinand Durenberger
15%
Dirk Kempthorne
15%
Edward Everett
15%
George Clement Perkins
15%
George Eliphaz Spencer
15%
George Lloyd Spencer
15%
Isaac Stephenson
15%
James Albertus McClure
15%
James Caleb Boggs
15%
James Paul Clarke
15%
Jocelyn Birch Burdick
15%
John Anthony Durkin
15%
John Chester Culver
15%
John Foster Dulles
15%
John Hopkins Clarke
15%
John Sloss Hobart
15%
John Worth Kern
15%
Karl Cortlandt Schuyler
15%
Larry Lee Pressler
15%
Lester Jesse Dickinson
15%
Nehemiah Rice Knight
15%
Peter Goelet Gerry
15%
Philemon Dickinson
15%
Philip John Schuyler
15%
Quentin Northrup Burdick
15%
Richard Stockton Field
15%
Robert Guy Torricelli
15%
Ross Bass
15%
Rush Dew Holt
15%
Samuel Greene Arnold
15%
Samuel John Potter
15%
Selden Palmer Spencer
15%
Wayne Lyman Morse
15%
William Boyd Allison
15%
William Brimage Bate
15%
William Grayson
15%
William Wilkins
15%
Augustus Octavius Bacon
14%
Austin Franklin Pike
14%
Charles Edward Stuart
14%
Charles Harting Percy
14%
Charles Timothy Hagel
14%
Daniel Baugh Brewster
14%
Dennis Chavez
14%
Donald Wayne Riegle Jr.
14%
Elias Kent Kane
14%
Elijah Hunt Mills
14%
Ernest William McFarland
14%
Frank Billings Kellogg
14%
Furnifold McLendel Simmons
14%
George Hearst
14%
George Leonard Berry
14%
George Walton
14%
George Wilson Malone
14%
Gordon Llewellyn Allott
14%
Harry Lane
14%
Harry Pulliam Cain
14%
Henry Bowen Anthony
14%
Henry Smith Lane
14%
Henry Styles Bridges
14%
Isaac Chapman Bates
14%
James Fowler Simmons
14%
James Henderson Berry
14%
James Henry Lane
14%
Jeremiah Andrew Denton Jr.
14%
Jesse Francis Bingaman Jr.
14%
John Adair
14%
John Clagett Danforth
14%
John Eric Ensign
14%
John McAuley Palmer
14%
John Varvick Tunney
14%
John William Bricker
14%
Joseph Davies Tydings
14%
Joseph Lane
14%
Kenneth Barnard Keating
14%
Key Pittman
14%
Le Roy Percy
14%
Louis McLane
14%
Lucius Lyon
14%
Mack Francis Mattingly
14%
Martin Waltham Bates
14%
Mike Johanns
14%
Millard Evelyn Tydings
14%
Nelson Wilmarth Aldrich
14%
Newton Crain Blanchard
14%
Paul Jones Fannin
14%
Richard Yates
14%
Rod Grams
14%
Roger Quarles Mills
14%
Rudolph Eli Boschwitz
14%
Samuel McKean
14%
Samuel Price
14%
Thomas Terry Connally
14%
Thomas Witherell Palmer
14%
Wilkinson Call
14%
William Adams Palmer
14%
William Ezra Jenner
14%
William Fife Knowland
14%
William Pitt KelloGG
14%
Alexander Caldwell
12%
Almer Stillwell Mike Monroney
12%
Charles Hopper Gibson
12%
Christie Benet
12%
David Barton
12%
Edward Raymond Burke
12%
Ernest Willard Gibson
12%
Ernest William Gibson Jr.
12%
Felix Grundy
12%
Frank Aloysius Barrett
12%
Frank Edward Moss
12%
George Robertson Dennis
12%
George S. Lemieux
12%
Henry Louis Bellmon
12%
Hiram Bingham
12%
James George Abourezk
12%
Jeffrey Scott Chiesa
12%
Jesse Houghton Metcalf
12%
John Lambert
12%
John Orlando Pastore
12%
Joseph Ridgway Grundy
12%
Kinsley Scott Bingham
12%
Lee Warren Metcalf
12%
Leverett Saltonstall
12%
Marcus Alonzo Hanna
12%
Paris Gibson
12%
Porter Hinman Dale
12%
Randall Lee Gibson
12%
Richard Schultz Schweiker
12%
Robert Charles Krueger
12%
Robert Hanna
12%
Robert Paul Griffin
12%
Robert Walter Kasten Jr.
12%
Roger William Jepsen
12%
Rubert Vance Hartke
12%
Spessard Lindsey Holland
12%
Theodore Gilmore Bilbo
12%
Thomas A. Burke
12%
Thomas Allen Coburn
12%
Thomas Ewing
12%
Thomas Sumter
12%
Timothy E. Wirth
12%
William Bingham
12%
William Charles Cole Claiborne
12%
William Lee Davidson Ewing
12%
William Segar Archer
12%
Alan Harvey Bible
11%
Alexander Grant Barry
11%
Benjamin Stark
11%
Chester Ashley
11%
Clifford Peter Hansen
11%
David Levy Yulee
11%
David McKendree Key
11%
Duncan McLauchlin Faircloth
11%
Elihu Root
11%
Ezekial Forman Chambers
11%
George Franklin Edmunds
11%
George Hunt Pendleton
11%
Henry Algernon Du Pont
11%
Henry H. Chambers
11%
Henry John Heinz III
11%
Herbert Sanford Walters
11%
Homer Earl Capehart
11%
Irving McNeil Ives
11%
James Abdnor
11%
James Fisher Trotter
11%
James Madison Harvey
11%
James Michael Mead
11%
J. James Exon
11%
John Hollis Bankhead
11%
John Hollis Bankhead II
11%
John Holmes Overton
11%
Joseph Manuel Montoya
11%
Kenneth Douglas McKellar
11%
Malcolm Wallop
11%
Matthew Mansfield Neely
11%
Maurine Brown Neuberger
11%
Mayer Jacob Hecht
11%
Oliver Ellsworth
11%
Orville Hickman Browning
11%
Patrick Anthony McCarran
11%
Paul Seward Trible Jr.
11%
Peter Hoyt Dominick
11%
Richard Lewis Neuberger
11%
Robert Humphreys
11%
Robert Rice Reynolds
11%
Samuel Williams Reynolds
11%
Spark Masayuki Matsunaga
11%
Steven Douglas Symms
11%
Thomas Coleman Du Pont
11%
Warren Bruce Rudman
11%
William Belser Spong Jr.
11%
William Cocke
11%
William Dodd Hathaway
11%
William Henry Seward
11%
William Taylor Barry
11%
Abijah Gilbert
10%
Alexander Barrow
10%
Allen Granberry Thurman
10%
Anthony Higgins
10%
Arthur Capper
10%
Arthur Vivian Watkins
10%
Benjamin Ryan Tillman
10%
Caleb Strong
10%
Clair Engle
10%
Clyde Roark Hoey
10%
Daniel Darwin Pratt
10%
David Baird
10%
David Baird Jr.
10%
David Kemp Karnes
10%
Dewey Follett Bartlett
10%
Earle C. Clements
10%
Edward Lewis Bartlett
10%
Edward Zorinsky
10%
Ernest Henry Gruening
10%
Frank John Lausche
10%
Gale William McGee
10%
George Armistead Smathers
10%
George Sutherland
10%
Henry Herman Schwartz
10%
Howard Sutherland
10%
Isham Talbot
10%
James Asheton Bayard Jr.
10%
James Asheton Bayard Sr.
10%
James Harlan
10%
Jesse David Bright
10%
John Elliot
10%
John Henry Eaton
10%
John Jordan Crittenden
10%
John Melcher
10%
John Potter Stockton
10%
John Renshaw Thomson
10%
John Rowan
10%
Jonathan Elmer
10%
Jonathan Trumbull Jr.
10%
Levi Woodbury
10%
Lewis Fields Linn
10%
Lyman Trumbull
10%
Middleton Pope Barrow
10%
Newton Booth
10%
Nicholas Ware
10%
Reed Smoot
10%
Richard Coke
10%
Richard Henry Bayard
10%
Richard Stockton
10%
Robert Field Stockton
10%
Roman Lee Hruska
10%
Samuel Jordan Kirkwood
10%
Thomas Francis Bayard Jr.
10%
Thomas Francis Bayard Sr.
10%
Thomas George Pratt
10%
Thomas Mead Bowen
10%
Thomas Willis Cobb
10%
Tristram Dalton
10%
William Howell Smathers
10%
William North
10%
William Wallace Eaton
10%
Aaron Ogden
9%
Albert Baird Cummins
9%
Albert Jarvis Hopkins
9%
Alfred Iverson Sr.
9%
Alfred Osborn Pope Nicholson
9%
Allen Joseph Ellender
9%
Andrew Frank Schoeppel
9%
Arthur Hendrick Vandenberg
9%
Augustus Caesar Dodge
9%
Carroll Smalley Page
9%
Carte P. Goodwin
9%
Carter Glass
9%
Charles Daniel Drake
9%
Charles Linza McNary
9%
David Lawrence Morril
9%
Floyd Kirk Haskell
9%
Frederick George Payne
9%
Frederick Huntington Gillett
9%
George Payne McLean
9%
Hattie Wyatt Caraway
9%
Hazel Hempel Abel
9%
Henry B. Payne
9%
Henry Dodge
9%
Henry Fountain Ashurst
9%
Henry Hubbard
9%
Henry Moore Teller
9%
Israel Pickens
9%
James Aloysius O'Gorman
9%
James Bennett McCreary
9%
James Burnie Beck
9%
James Henderson Kyle
9%
James Howard Edmondson
9%
James Pinckney Pope
9%
James Ware Bradbury
9%
Jesse Wharton
9%
John McLean
9%
John Page
9%
John Pope
9%
John Tipton
9%
Joseph Allen Frear Jr.
9%
Joseph Christopher O'Mahoney
9%
Joseph Maull Carey
9%
Joseph Rogers Underwood
9%
Joseph Stanton Jr.
9%
Karl Earl Mundt
9%
Lawton Mainor Chiles Jr.
9%
Louis Crosby Wyman
9%
Morton Smith Wilkinson
9%
Nicholas Van Dyke
9%
Oliver Hillhouse Prince
9%
Oscar Wilder Underwood
9%
Patrick Vincent McNamara
9%
Ralph Webster Yarborough
9%
Robert Carter Nicholas
9%
Robert Davis Carey
9%
Robert Woodward Barnwell
9%
Samuel Danford Nicholson
9%
Samuel Shethar Phelps
9%
Sherman Minton
9%
Simeon Davison Fess
9%
Thaddeus Horatius Caraway
9%
Thomas Charles Power
9%
Thomas James McIntyre
9%
Thomas Robert Bard
9%
Thomas Rust Underwood
9%
Thomas Weston Tipton
9%
William Blount
9%
William Evans Crow
9%
William Lindsay
9%
William Marks
9%
Wilson Cary Nicholas
9%
Alexander Ramsey
7%
Alfred Holt Colquitt
7%
Arthur Pendleton Bagby
7%
Benjamin Swift
7%
Blanche Kelso Bruce
7%
Bronson Murray Cutting
7%
Calvin Willey
7%
Carl Schurz
7%
Claude Denson Pepper
7%
Daniel Oren Hastings
7%
Earle Bradford Mayfield
7%
Edward James Gay
7%
Edward John Gurney
7%
Elijah Paine
7%
Francis Gillette
7%
George Frisbie Hoar
7%
George Mortimer Bibb
7%
George Robinson Swift
7%
George S. Helmy
7%
George Wharton Pepper
7%
Guy Mark Gillette
7%
Harrison Gray Otis
7%
Harris Wofford
7%
Henry Roberts Pease
7%
Homer Truett Bone
7%
Isaac Dutton Barnard
7%
Jacob Burnet
7%
James Barbour
7%
James De Wolf
7%
James Frank Allee
7%
James Iredell
7%
James Shields
7%
Jeremiah Clemens
7%
John Chandler Gurney
7%
John Forsyth
7%
John Knight Shields
7%
John Patton Jr.
7%
John Strode Barbour Jr.
7%
Joseph Haynsworth Earle
7%
Joseph Irwin France
7%
Nathaniel Barksdale Dial
7%
Nicholas Gilman
7%
Orris Sanford Ferry
7%
Robert William Upton
7%
Roscoe Conkling
7%
Stephen Russell Mallory
7%
Thaddeus Betts
7%
Thomas Albert Wofford
7%
Thomas Carey Henning Jr.
7%
Thomas Clay McCreery
7%
Thomas Sterling
7%
Thomas White Ferry
7%
Timothy Pickering
7%
Virgil Munday Chapman
7%
Waitman Thomas Willey
7%
Walter Terry Colquitt
7%
Wilbert Lee O'Daniel
7%
William Cabell Bruce
7%
William Gibbs Mcadoo
7%
William King Sebastian
7%
William Warren Barbour
7%
William Wyatt Bibb
7%
Willie Person Mangum
7%
Willis Benson Machen
7%
Adelbert Ames
6%
Albert Bacon Fall
6%
Albert Jeremiah Beveridge
6%
Alton Asa Lennon
6%
Ambrose Everett Burnside
6%
Ambrose Hundley Sevier
6%
Arthur Pue Gorman
6%
Asa Biggs
6%
Asbury Churchwell Latimer
6%
Augustus Hill Garland
6%
Benjamin Fitzpatrick
6%
Benjamin Watkins Leigh
6%
Brien McMahon
6%
Charles Dominique Joseph Bouligny
6%
Cordell Hull
6%
Dixie Bibb Graves
6%
Dwight Whitney Morrow
6%
Edward Oliver Wolcott
6%
Elijah Boardman
6%
Eli Porter Ashmun
6%
Ephraim Bateman
6%
Francis John Myers
6%
George Augustus Waggaman
6%
George Wycliffe McBride
6%
Gideon Tomlinson
6%
Harley Martin Kilgore
6%
Henry Latimer
6%
Henry Lee Myers
6%
Irving Webster Drew
6%
James Fisk
6%
James Francis Byrnes
6%
James Kimble Vardaman
6%
James Thompson Farley
6%
James Wilson Grimes
6%
James Wylie Huffman
6%
Jeremiah Morrow
6%
Jesse Bledsoe
6%
John Edward Erickson
6%
John Macpherson Berrien
6%
John Rhoderic McPherson
6%
Joseph H. Bottum
6%
Joseph Hopkins Millard
6%
Josiah Oliver Wolcott
6%
Judah Dana
6%
Justin Smith Morrill
6%
Kaneaster Hodges Jr.
6%
Kenneth Spicer Wherry
6%
La Fayette Grover
6%
Lot Myrick Morrill
6%
Matthew Hale Carpenter
6%
Morris Sheppard
6%
Nathan Lynn Bachman
6%
Phillips Lee Goldsborough
6%
Prentiss Mellen
6%
Richard Bassett
6%
Richard Rolland Kenney
6%
Robert Henry Goldsborough
6%
Robert Milledge Charlton
6%
Samuel James Ervin Jr.
6%
Samuel Whittlesey Dana
6%
Sidney Breese
6%
Thomas Henry Kuchel
6%
Thomas Metcalfe
6%
Thomas Ward Osborn
6%
William Allen Trimble
6%
William Chapman Revercomb
6%
William Duhurst Merrick
6%
William Henry Barnum
6%
William Langer
6%
William Pinkney
6%
William Stuart Symington
6%
Albion Keith Parris
5%
Alexander Buckner
5%
Alexander Wiley
5%
Alfred Cuthbert
5%
Arthur Peronneau Hayne
5%
Benjamin Franklin Jonas
5%
Benjamin Franklin Wade
5%
Benjamin Goodhue
5%
Braxton Bragg
5%
Burnet Rhett Maybank
5%
Caesar Augustus Rodney
5%
Charles Edward Dudley
5%
Charles Ellsworth Goodell
5%
Charles James Faulkner
5%
Charles Norton Felton
5%
Chauncey Goodrich
5%
Claude Augustus Swanson
5%
Daniel Rodney
5%
David Colbreth Broderick
5%
David Daggett
5%
David Henry Gambrell
5%
David Rice Atchison
5%
Davis Elkins
5%
Dwight Palmer Griswold
5%
Edmund Winston Pettus
5%
Edwin Leard Mechem
5%
Eugene Donald Millikin
5%
Francis Locke
5%
Frank Boyd Gary
5%
Frank Obadiah Briggs
5%
Frank Parks Briggs
5%
Frank Robert Gooding
5%
Fred Thomas Dubois
5%
George Edmund Badger
5%
George Ellis Pugh
5%
George Higgins Moses
5%
George McDuffie
5%
Gerald Prentice Nye
5%
Harlan John Bushfield
5%
Harlan Mathews
5%
Henry Clarence Dworshak
5%
Herbert Romulus O'Conor
5%
Herman Welker
5%
Hiram Rhodes Revels
5%
James Alfred Pearce
5%
James Guthrie
5%
James Lawrence Pugh
5%
James Noble
5%
James Turner Morehead
5%
James Warren Nye
5%
James Wilson McDill
5%
Jenkin Whiteside
5%
Johnathan Bourne Jr.
5%
John Branch
5%
John B. Weller
5%
John Condit
5%
John Crepps Wickliffe Beckham
5%
John Edward Kenna
5%
John Ewing Colhoun
5%
John Fairfield
5%
John James Ingalls
5%
John Mellen Thurston
5%
John Moses
5%
Johnson Newlon Camden
5%
Johnson Newlon Camden Jr.
5%
John Vining
5%
John Wingate Weeks
5%
Jonathan Chace
5%
Joseph Little Bristow
5%
Lawrence Cowle Phipps
5%
Lebaron Bradford Colt
5%
Levi Ankeny
5%
Mahlon Dickerson
5%
Monroe Leland Hayward
5%
Ovington Eugene Weller
5%
Rebecca Latimer Felton
5%
Return Jonathan Meigs Jr.
5%
Richard Brent
5%
Robert Charles Winthrop
5%
Robert Young Hayne
5%
Russell Alexander Alger
5%
Samuel Augustus Foot
5%
Sheridan Downey
5%
Sinclair Weeks
5%
Solomon Foot
5%
Solomon Weathersbee Downs
5%
Stanley Griswold
5%
Stephen Benton Elkins
5%
Thomas Bragg
5%
Timothy Bloodworth
5%
Uriah Tracy
5%
Vera Cahalan Bushfield
5%
William Alfred Buckingham
5%
William Arvis Blakley
5%
William Barrett Washburn
5%
William Cabell Rives
5%
William Drew Washburn
5%
William McKendree Gwin
5%
William Pierce Frye
5%
William Pitt Fessenden
5%
Winston Lewis Prouty
5%
Aaron Augustus Sargent
4%
Allan Bowie Magruder
4%
Allen Taylor Caperton
4%
Alva Moore Lumpkin
4%
Arthur Robinson Gould
4%
Buckner Thruston
4%
Charles Cutts
4%
Charles Elroy Townsend
4%
Charles Gordon Atherton
4%
Charles Rollin Buckalew
4%
Charles Tait
4%
Coleman Livingston Blease
4%
Daniel Wolsey Voorhees
4%
Edward David Crippa
4%
Edward Henry Rollins
4%
Edward John Thye
4%
Edward Livinston
4%
Edward Tiffin
4%
Edwin Chick Burleigh
4%
Edwin Sidney Broussard
4%
Eva Kelly Bowring
4%
Felix Hebert
4%
Francis Marion Cockrell
4%
Frank Bosworth Brandegee
4%
Frederic Collin Walcott
4%
George Earle Chamberlain
4%
George Goldthwaite
4%
George Harrison Bender
4%
George Lovic Pierce Radcliffe
4%
George McGill
4%
George Poindexter
4%
George Sewel Boutwell
4%
George Vickers
4%
Gilbert Monell Hitchcock
4%
Gladys Pyle
4%
Henry French Hollis
4%
Henry Moore Ridgely
4%
Henry Wilder Keyes
4%
Herbert Emery Hitchcock
4%
Herbert Henry Lehman
4%
Isaac Peckham Christiancy
4%
James Alexander McDougall
4%
James Edward English
4%
James Gunn
4%
James Howard McGrath
4%
James Lanman
4%
James Lusk Alcorn
4%
James Piper Taliaferro
4%
James Semple
4%
James Thomas Broyhill
4%
James Whitcomb
4%
Jean Noël Destréhan
4%
John Benjamin Kendrick
4%
John Downey Works
4%
John Gillis Townsend Jr.
4%
John Griffin Carlisle
4%
John Hemphill
4%
John Laurance
4%
John Milledge
4%
John Milton Niles
4%
John Milton Thayer
4%
Joseph Very Quarles
4%
Julius Rockwell
4%
Leonard Wilcox
4%
Lewis Baxter Schwellenbach
4%
Lewis Vital Bogy
4%
Louis Emory McComas
4%
Michael Leib
4%
Miles Poindexter
4%
Montfort Stokes
4%
Morgan Gardner Bulkeley
4%
Obadiah German
4%
Paine Wingate
4%
Peleg Sprague
4%
Phineas Warren Hitchcock
4%
Pierre Emil George Salinger
4%
Ralph Edward Flanders
4%
Ralph Izard
4%
Redfield Proctor
4%
Richard Potts
4%
Robert Foligny Broussard
4%
Roscoe Conkling McCulloch
4%
Rufus Cecil Holman
4%
Rufus Choate
4%
Sam Gilbert Bratton
4%
Samuel Bell Maxey
4%
Samuel Dexter
4%
Samuel Livermore
4%
Samuel McRoberts
4%
Shelby Moore Cullom
4%
Smith Wildman Brookhart
4%
Solon Borland
4%
Theodore Sedgwick
4%
Thomas Benton Catron
4%
Thomas Jefferson Rusk
4%
Thomas Worthington
4%
William Bellinger Bulloch
4%
William Bigler
4%
William Branch Giles
4%
William Edward Purcell
4%
William Fosgate Kirby
4%
William Sprague
4%
Wilson Lumpkin
4%
Aaron Kitchell
2%
Abner Lacock
2%
Alexander Gilmore Cattell
2%
Alexander Mouton
2%
Alfred Evan Reames
2%
Alvin Saunders
2%
Amos Nourse
2%
Arnold Naudain
2%
Arthur Inghram Boreman
2%
Augustine Lonergan
2%
Benjamin Franklin Shively
2%
Benjamin Howland
2%
Benjamin Ruggles
2%
Benjamin Tappan
2%
Berkeley Lloyd Bunker
2%
Calvin Stewart Brince
2%
Charles Allen Culberson
2%
Charles Augustus Rawson
2%
Charles Clinton Gossett
2%
Charles Samuel Deneen
2%
Charles William Cathcart
2%
Charles Winfield Waterman
2%
Christopher Grant Champlin
2%
Cyrus Locher
2%
Daniel Frederic Steck
2%
Daniel Sturgeon
2%
David Turpie
2%
David Wilmot
2%
Donelson Caffery
2%
Edward Allen Hannegan
2%
Edward Cary Walthall
2%
Edward Prentiss Costigan
2%
Eligius Fromentin
2%
Elijah Sherman Grammer
2%
Eli Saulsbury
2%
Elisha Mathewson
2%
Ether Shepley
2%
Eugene Casserly
2%
Francis Griffith Newlands
2%
Francis Thomas Maloney
2%
Franklin Davenport
2%
Frank Putnam Flint
2%
Frederick Adolphus Sawyer
2%
Frederick Andrew Seaton
2%
Frederick Van Nuys
2%
Frederic Mosley Sackett
2%
George Louis Wellington
2%
George Michael Troup
2%
George Wallace Johnes
2%
Graham Newell Fitch
2%
Guy Cordon
2%
Henry Peter Haun
2%
Henry Stuart Foote
2%
Henry Tazewell
2%
Hernando De Soto Money
2%
Horace Austin Warner Tabor
2%
Horace Chilton
2%
Isaac Tichenor
2%
Jacob Harold Gallinger
2%
James Alexander Hemenway
2%
James Beriah Frazier
2%
James Black Groome
2%
James Burrill Jr.
2%
James Diament Westcott Jr.
2%
James Duval Phelan
2%
James Hillhouse
2%
James McMillan
2%
James Michael Slattery
2%
James Miller Tunnell
2%
James Wolcott Wadsworth Jr.
2%
John Anthony Danaher
2%
John Breckinride
2%
John Frost Nugent
2%
John Langdon
2%
John Netherland Heiskell
2%
John Peter Gabriel Muhlenberg
2%
John Pool
2%
John Ruggles
2%
John Rutherfurd
2%
John Wales
2%
John William Harreld
2%
Joseph Bradley Varnum
2%
Joseph McIlvaine
2%
Joseph Melville Broughton
2%
Joseph Meriwether Terrell
2%
Joseph Williams Chalmers
2%
Josiah Tattnall
2%
Lawrence Brainerd
2%
Lawrence Davis Tyson
2%
Lemuel Jackson Bowden
2%
Luke Potter Poland
2%
Lynn Joseph Frazier
2%
Milton Slocum Latham
2%
Nathaniel Silsbee
2%
Orville Hitchcock Platt
2%
Outerbridge Horsey
2%
Park Trammell
2%
Paul Spyros
2%
Philetus Sawyer
2%
Presley Spruance
2%
Ralph Owen Brester
2%
Rice William Means
2%
Richard Brodhead
2%
Richard James Oglesby
2%
Robert Augustus Toombs
2%
Robert Crozier
2%
Robert Johns Bulkley
2%
Robert Nelson Stanfield
2%
Roger Craft Peace
2%
Royal Samuel Copeland
2%
Rufus Blodgett
2%
Samuel Douglas McEnery
2%
Samuel James Renwick McMillan
2%
Samuel Latham Mitchill
2%
Samuel Moffett Ralston
2%
Samuel Morgan Shortridge
2%
Simeon Olcott
2%
Simon Barclay Conover
2%
Simon Guggenheim
2%
Thomas Collier Platt
2%
Thomas Granville Burch
2%
Thomas More Storke
2%
Thomas Posey
2%
Thomas Taggart
2%
Thomas William Hardwick
2%
Truman Handy Newberry
2%
Walter Evans Edge
2%
Walter Guion
2%
Walter Leake
2%
Walter Lowrie
2%
Willard Saulsbury Jr.
2%
Willard Saulsbury Sr.
2%
William Abner Stanfill
2%
William Alexander Massey
2%
William Arthur Purtell
2%
William Bart Saxbe
2%
William Crosson Feazel
2%
William Edwin Chilton
2%
William Few
2%
William Gannaway Brownlow
2%
William Henry Dieterich
2%
William Henry Roane
2%
William Hindman
2%
William John Bulow
2%
William Joyce Sewell
2%
William Learned Marcy
2%
William Mahone
2%
William Marmaduke Kavanaugh
2%
William Musgrave Calder
2%
William Paine Sheffield
2%
William Pegues Pollock
2%
William Pinkney Whyte
2%
William Upham
2%
William Windom
2%
William Woodbridge
2%
Aaron Harrison Cragin
1%
Abraham Bedford Venable
1%
Albert Wahl Hawks
1%
Anselm Joseph McLaurin
1%
Asle Jorgenson Gronna
1%
Bert Manfred Fernald
1%
Boies Penrose
1%
Charles Arnette Towne
1%
Charles Benjamin Farwell
1%
Charles Frederick Manderson
1%
Charles Henry Dietrich
1%
Charles Henry Van Wyck
1%
Charles William Tobey
1%
Chauncey Mitchell Depew
1%
Christopher Ellery
1%
Clarence Norman Brunsdale
1%
Clement Storer
1%
Daniel Elliott Huger
1%
Daniel Tarbox Jewett
1%
David Meriwether
1%
Edward Peter Carville
1%
Edward Ward Carmack
1%
Edwin Fremont Ladd
1%
Elbridge Gerry Lapham
1%
Elmer Jacob Burkett
1%
Eppa Hunton
1%
Ernest Lundeen
1%
Francis Brown Stockbridge
1%
Francis Malbone
1%
Francis Ryan Duffy
1%
Frank Hereford
1%
Frank Hiscock
1%
Garrett Lee Withers
1%
George Graham Vest
1%
George Laird Shoup
1%
George Miles Chilcott
1%
George Peabody Wetmore
1%
George Read Riddle
1%
Gilman Marston
1%
Guy Despard Goff
1%
Hall Stoner Lusk
1%
Harry Bartow Hawes
1%
Harry Darby
1%
Henrik Shipstead
1%
Henry Clay Hansbrough
1%
Henry Eben Burnham
1%
Henry Heitfeld
1%
Henry Winslow Corbett
1%
Holm Olaf Bursum
1%
Hopkins Lacy Turney
1%
Irvine Luther Lenroot
1%
Isaac Samuels Pennybacker
1%
Isaac Toucey
1%
Isidor Rayner
1%
Jacob Collamer
1%
James Biddle Eustis
1%
James Couzens
1%
James Fenner
1%
James Harvey Slater
1%
James Henderson Duff
1%
James Henry Hammond
1%
James Pleasants
1%
James Rood Doolittle
1%
James Schureman
1%
James Sheafe
1%
James Winright Flanagan
1%
Jeter Connelly Pritchard
1%
John Angel James Creswell
1%
John Brown Bordon
1%
John Conness
1%
John Conover Ten Eyck
1%
John Fabyan Parrott
1%
John Franklin Shafroth
1%
John Gaillard
1%
John Jones McRae
1%
John Laurens Manning Irby
1%
John Marshall Robsion
1%
John McDermeid Gearin
1%
John Norvell
1%
John Pettit
1%
John Randolph Thornton
1%
John Slidell
1%
John Snyder Carlile
1%
John Wayles Eppes
1%
Jonathan Prentiss Dolliver
1%
Joseph Eugene Ransdell
1%
Joseph Lafayette Rawlins
1%
Joseph Norton Dolph
1%
Joseph Parsons Comegys
1%
Joseph Rosier
1%
Julius Caesar Burrows
1%
Kirtland Irving Perky
1%
Lee Mantle
1%
Lee Slater Overman
1%
Matt Whitaker Ransom
1%
Monrad Charles Wallgren
1%
Nathan Allen Farwell
1%
Nathan Goff
1%
Nathaniel Chipman
1%
Orrice Abram Murdock Jr.
1%
Ozora Pierson Stearns
1%
Paul Oscar Husting
1%
Peter Godwin Van Winkle
1%
Pierre Soulé
1%
Porter James McCumber
1%
Preston B. Plumb
1%
Reuben Eaton Fenton
1%
Robert Barnwell Rhett
1%
Robert Clymer Hendrickson
1%
Robert Enoch Withers
1%
Robert Jackson Gamble
1%
Robert Rantoul Jr.
1%
Samuel Chandler Crafts
1%
Samuel Clarke Pomeroy
1%
Samuel Henry Piles
1%
Samuel Lewis Southard
1%
Samuel Maclay
1%
Samuel Pasco
1%
Samuel Prentiss
1%
Scott Marion Loftin
1%
Stephen Wallace Dorsey
1%
Tasker Lowndes Oddie
1%
Thomas Corwin
1%
Thomas David Schall
1%
Thomas Hanson Paynter
1%
Thomas Holliday Hicks
1%
Thomas Kearns
1%
Thomas Lanier Clingman
1%
Thomas Manson Norwood
1%
Wall Doxey
1%
Washington Curran Whitthorne
1%
Watson Carvosso Squire
1%
Weldon Brinton Heyburn
1%
William Alfred Peffer
1%
William Bliss Pine
1%
William Bradley Umstead
1%
William Findlay
1%
William Freeman Vilas
1%
William Henry Haywood Jr.
1%
William Henry McMaster
1%
William Joseph Deboe
1%
William Lorimer
1%
William Nathaniel Roach
1%
William Paul Dillingham
1%
William Plumer
1%
William Ramsey Laird III
1%
William Sharon
1%
William Squire Kenyon
1%
Alfred Beard Kittredge
0%
Algernon Sidney Paddock
0%
Alonzo Jay Edgerton
0%
Alpheus Felch
0%
Alvin Victor Donahey
0%
Atlee Pomerene
0%
Augustus Summerfield Merrimon
0%
Bainbridge Wadleigh
0%
Benning Wentworth Jenness
0%
Charles Durkee
0%
Charles Tillinghast
0%
Clyde LaVerne
0%
Dwight May Sabin
0%
Francis Kernan
0%
Frank Charles Partridge
0%
Franklin Harper Elmore
0%
Frederick Steiwer
0%
Frederick William Mulkey
0%
George Gilman Fogg
0%
Harrison Holt Riddleberger
0%
Henry Frederick Lippitt
0%
Henry Sheffie Geyer
0%
Hugh Ike Shott
0%
James Chestnut Jr.
0%
James Graves Scrugham
0%
James Willis Nesmith
0%
Jesse Speight
0%
John Coit Spooner
0%
John Dempsey Hoblitzell Jr.
0%
John Fairfield Dryden
0%
John Joseph Hickey
0%
Joseph Benson Foraker
0%
Joseph Cilley
0%
Joseph F. Guffey
0%
Littleton Waller Tazewall
0%
Louis Trezevant Wigfall
0%
Moses Edwin Clapp
0%
Octaviano Ambrosio Larrazolo
0%
Omar Dwight Conger
0%
Peter Norbeck
0%
Richard Franklin Pettigrew
0%
Spencer Jarnagin
0%
Thomas Battle Turley
0%
Thomas Jordan Jarvis
0%
William Ford De Saussure
0%
William Maxwell Evarts
0%
Woodbridge Nathan Ferris
0%
Xenophon Pierce Wilfley
0%
Zales Nelson Ecton
0%
No matching quizzes found
Score Distribution
Percent of People with Each Score
Percentile by Number Answered
Your Score History
You have not taken this quiz